banner

Libro 23: El Sinthome. 1975-1976 / (Registro nro. 1490)

000 -LEADER
fixed length control field 01345nam a2200241 a 4500
003 - CONTROL NUMBER IDENTIFIER
control field AR-BaISA
005 - DATE AND TIME OF LATEST TRANSACTION
control field 20231113115023.0
006 - FIXED-LENGTH DATA ELEMENTS--ADDITIONAL MATERIAL CHARACTERISTICS
fixed length control field aa|||fr|||| 000 0
007 - PHYSICAL DESCRIPTION FIXED FIELD--GENERAL INFORMATION
fixed length control field ta
008 - FIXED-LENGTH DATA ELEMENTS--GENERAL INFORMATION
fixed length control field 231113s2022 ag a|||f |||| 000 0 spa d
020 ## - INTERNATIONAL STANDARD BOOK NUMBER
International Standard Book Number 9789501239799
040 ## - CATALOGING SOURCE
Language of cataloging spa
Transcribing agency AR-BaISA
082 04 - DEWEY DECIMAL CLASSIFICATION NUMBER
Edition number 22
Classification number 150.195 L115
100 1# - MAIN ENTRY--PERSONAL NAME
9 (RLIN) 2316
Personal name Lacan, Jacques
Relator term aut.
245 10 - TITLE STATEMENT
Title Libro 23: El Sinthome. 1975-1976 /
Statement of responsibility, etc. texto establecido por Jacques-Alain Miller
260 ## - PUBLICATION, DISTRIBUTION, ETC.
Place of publication, distribution, etc. Buenos Aires:
Name of publisher, distributor, etc. Paidós,
Date of publication, distribution, etc. 2022
300 ## - PHYSICAL DESCRIPTION
Extent 244 p.:
Other physical details il.
505 ## - FORMATTED CONTENTS NOTE
Title EL ESPÍRITU DE LOS NUDOS:
-- Del uso lógico del sinthome, o Freud con Joyce --
-- De lo que agujerea lo real --
-- Del nudo como soporte del sujeto --
-- LA PISTA DE JOYCE:
-- Joyce y el enigma del zorro --
-- ¿Joyce estaba loco? --
-- Joyce y las palabras impuestas --
-- LA INVENCIÓN DE LO REAL:
-- De una falacia que es testimonio de lo real --
-- Del sentido, del sexo y de lo real --
-- De lo inconsciente a lo real --
-- PARA CONCLUIR:
-- La escritura del ego --
-- ANEXOS:
-- Joyce el Síntoma, Por Jacques Lacan --
-- Ponencia en el Seminario de Jacques Lacan, por Jacques Aubert --
-- Notas de lectura, por Jacques Aubert --
-- Nota paso a paso, por Jacques-Alain Miller
600 10 - SUBJECT ADDED ENTRY--PERSONAL NAME
9 (RLIN) 2316
Personal name Lacan, Jacques
650 14 - SUBJECT ADDED ENTRY--TOPICAL TERM
9 (RLIN) 141
Topical term or geographic name entry element Psicoanálisis
700 ## - ADDED ENTRY--PERSONAL NAME
9 (RLIN) 3031
Personal name Miller, Jacques-Alain
Relator term aut.
942 ## - ADDED ENTRY ELEMENTS (KOHA)
Source of classification or shelving scheme
Koha item type Libros
Edition 22
Existencias
Withdrawn status Lost status Source of classification or shelving scheme Damaged status Not for loan Permanent Location Current Location Date acquired Inventory number Full call number Barcode Date last seen Copy number Price effective from Koha item type
          Biblioteca ISALUD. Dr. Néstor Rodríguez Campoamor Biblioteca ISALUD. Dr. Néstor Rodríguez Campoamor 2023-11-13 5110 150.195 L115 5110 2023-11-13 t. 23 ej. 1 2023-11-13 Libros
          Biblioteca ISALUD. Dr. Néstor Rodríguez Campoamor Biblioteca ISALUD. Dr. Néstor Rodríguez Campoamor 2023-11-13 5111 150.195 L115 5111 2023-11-13 t. 23 ej. 2 2023-11-13 Libros
          Biblioteca ISALUD. Dr. Néstor Rodríguez Campoamor Biblioteca ISALUD. Dr. Néstor Rodríguez Campoamor 2023-11-13 5112 150.195 L115 5112 2023-11-13 t. 23 ej. 3 2023-11-13 Libros